000 00395nam a2200169 a 4500
001 1759656398492
003 ACL
005 20251005145911.0
008 251005s1994##################000#0#eng##
020 _a9781852074401
082 0 4 _a953.67
_bASS.11
245 1 0 _aArabic Documents, 1899-1949 :
260 _c1994.
650 0 _aGreat Britain.
942 _cENGLISH
040 _aACL
_beng
_cACL
999 _c590857
_d590857